LEADER 01626nam a2200337 u 4500 001 000000078133 003 CaOOAMICUS 005 20070226123409.0 008 040326s2003 be u000 u eng u 020 $a9042912839 035 $a10988520 040 $aIPA$bita 100 1 $aAmirav, Hagit.$0(OLS)http://pul/name/51987 245 10$aRhetoric and tradition :$bJohn Chrysostom on Noah and the Flood /$cHagit Amirav. 260 $aLovanii :$bPeeters,$c2003. 300 $axii, 269 p. ;$c25 cm 490 1 $aTraditio exegetica graeca ;$v12 500 $aComprende riferimenti bibliografici (p. 237-254) e indice. 600 04$aIohannes Chrysostomus,$cs., patriarca di Costantinopoli,$d347-407.$0(OLS)http://pul/subject/1167 630 04$aBiblia.$pV.T.$pGenesis.$nVI-VII.$0(OLS)http://pul/subject/27151 650 4$aNoe (personaggio biblico).$0(OLS)http://pul/subject/8377 650 4$aDiluvio.$0(OLS)http://pul/subject/8376 830 0$aTraditio exegetica graeca ;$v12.$0(OLS)http://pul/title/12873 850 $aPUL 852 $aPUL$W1$xDP2 Cons. Gen., Altre Classi 1$y61$m1390 U 66.12$j100246$nBK-PRI$b $qStampati$B100246$CPULBib$Z2$F100246 $HPUL96577 $81 941 1 $a8 960 $aGiovanni Crisostomo,$cs., patriarca di Costantinopoli,$d347-407$91167 960 $aCrisostomo, Giovanni, $cs., patriarca di Costantinopoli,$d347-407$91167 996 $6020$a9042912839$9(OLS)http://pul/number/102449 996 $6245$aRhetoric and tradition :$bJohn Chrysostom on Noah and the Flood$9(OLS)http://pul/title/102393 996 $6260$aLovanii :$bPeeters$9(OLS)http://pul/publisher/51983 LEADER 01572nam a2200361 u 4500 001 000000079017 003 CaOOAMICUS 005 20070226123507.0 008 040521s2003 it u000 u ita u 020 $a8839914846 035 $a10996201 040 $aPUL$bita 041 0 $aita$hger 100 0 $aTheresia Benedicta a Cruce,$cs.,$d1891-1942.$0(OLS)http://pul/name/8163 240 10$aWeihnachtsgeheimnis. Menschwerdung und Menschheit.$lItaliano.$0(OLS)http://pul/title/103354 245 13$aIl mistero del Natale :$bincarnazione e umanità /$cEdith Stein. 250 $a6. ed. 260 $aBrescia :$bQueriniana,$c2003. 300 $a44 p. ;$c20 cm 490 1 $aMeditazioni ;$v84 650 4$aTeologia$xCritica e interpretazione.$0(OLS)http://pul/subject/8641 650 4$aNatale$xMeditazioni.$0(OLS)http://pul/subject/27498 830 0$aMeditazioni (Queriniana) ;$v84.$0(OLS)http://pul/title/45180 850 $aPUL 852 $aPUL$W1$xSL Religione 3$y85$m263. 91 STEED 1$j101213$nBK-PRI$qDDC 21$B101213$CPULBib$Z2$F101213 $HPUL95161 $82 900 $aStein, Edith, $csuora,$d1891-1942$98163 900 $aEdith Stein,$cs.,$d1891-1942 $98163 900 $aTeresa Benedetta della Croce.$cs.,$d1891-1942$98163 900 $aTeresia Benedicta a Cruce,$cs.,$d1891-1942?$98163 941 1 $a9 996 $6020$a8839914846$9(OLS)http://pul/number/103575 996 $6245$aIl mistero del Natale :$bincarnazione e umanità$9(OLS)http://pul/title/103355 996 $6260$aBrescia :$bQueriniana$9(OLS)http://pul/publisher/47906